000 00846cam a22002653a 4500
001 15218
003 PGUSA
005 20140828083327.0
008 050301s2005||||xxu|||||s|||||000 | eng d
040 _aPGUSA
_beng
042 _adc
050 4 _aHD
100 1 _aVan Vorst, Marie,
_d1867-1936
245 1 4 _aThe Woman Who Toils :
_bBeing the Experiences of Two Gentlewomen as Factory Girls
_h[electronic resource] /
_cMarie Van Vorst
260 _bProject Gutenberg,
_c2005
506 _aPublic domain in the USA.
516 _aElectronic text
653 _aWorking class -- United States
653 _aWomen -- Employment -- United States
653 _aChild labor -- United States
700 1 _aRoosevelt, Theodore,
_d1858-1919
830 0 _aProject Gutenberg
_v15218
856 4 0 _uhttp://www.gutenberg.org/ebooks/15218
942 _cEB
999 _c244473
_d244473